| 000 | 00462nam a22001937a 4500 | ||
|---|---|---|---|
| 003 | UA-OsUOA | ||
| 001 | 43965 | ||
| 007 | ta | ||
| 008 | 20091202b un ||||| |||| 00| 0 ukr d | ||
| 090 |
_a82 _bЛ67 |
||
| 942 | _cAV | ||
| 040 |
_aUA-OsUOA _bukr _cUA-OsUOA _dUA-OsUOA |
||
| 245 | _aЛіна Костенко (CD) | ||
| 955 | _a3 | ||
| 041 | _aukr | ||
| 080 | _a82 | ||
| 650 | 7 |
_a82 Література. Літературознавство _2UDC |
|
| 999 |
_c423819 _d423819 |
||